000 01334nas a2200373 4500
001 BR2015006558
003 BR-BrBNA
005 20231205125924.0
007 ta
008 230509b bl.|||p| |||| 00| 00por d
040 _aBR-BrBNA
_bpor
_cBiblioteca Nacional de Agricultura
041 _a(Pt)
072 _aP33
100 1 _aLopes, V.G.
100 1 _aSchumacher, M.V.
100 1 _aMüller, I.
100 1 _aCalil, F.N.
100 1 _aWitschoreck, R.
100 1 _aLiberalesso, E.
245 1 _aVariáveis físicas e químicas do solo importantes na distribuição de raízes finas em um povoamento de Pinus taeda L. no nordeste do Rio Grande do Sul
246 1 _aPhysical and chemical soil variables affecting Pinus taeda L. fine roots distribution in northeast of Rio Grande do Sul, Brazil
650 _aPINHEIRO
650 _aPINUS TAEDA
650 _aSISTEMA RADICULAR
650 _aANALISE DO SOLO
650 _aPROPRIEDADE FISICO-QUIMICA
650 _aNUTRICAO VEGETAL
650 _aRAIZ
650 _aSOLO FLORESTAL
773 0 _tEcologia e Nutrição Florestal (Brazil)
_xISSN 2316-980X
_g(2013), v. 1(1) p. 14-23
_wBR2015006558
856 4 0 _uhttp://cascavel.ufsm.br/revistas/ojs-2.2.2/index.php/enflo/article/view/14737/pdf
909 _a202311
_bLúcia
_c55
_dLúcia Elande
942 _2AGRIS
_n0
_cANA
999 _c246899
_d246899